Perhubungan awam : (Record no. 77477)

MARC details
000 -LEADER
fixed length control field 00707nam a2200253 i 4500
001 - CONTROL NUMBER
control field C2-0268694
003 - CONTROL NUMBER IDENTIFIER
control field PPAK
005 - DATE AND TIME OF LATEST TRANSACTION
control field 20180727235540.0
008 - FIXED-LENGTH DATA ELEMENTS--GENERAL INFORMATION
fixed length control field 060808s2005 my |||| ||||| | may d
020 ## - INTERNATIONAL STANDARD BOOK NUMBER
International Standard Book Number 9812548238
040 ## - CATALOGING SOURCE
Original cataloging agency PPAK
Language of cataloging eng
Transcribing agency PPAK
Description conventions rda
082 04 - DEWEY DECIMAL CLASSIFICATION NUMBER
Classification number 659.2
Edition number 23
090 00 - LOCALLY ASSIGNED LC-TYPE CALL NUMBER (OCLC); LOCAL CALL NUMBER (RLIN)
Classification number (OCLC) (R) ; Classification number, CALL (RLIN) (NR) 659.2
Feature heading BAH
Feature heading G
100 0# - MAIN ENTRY--PERSONAL NAME
Personal name Bahtiar Mohamad,
Relator term author
245 10 - TITLE STATEMENT
Title Perhubungan awam :
Remainder of title amalan dan strategi
264 #1 - PRODUCTION, PUBLICATION, DISTRIBUTION, MANUFACTURE, AND COPYRIGHT NOTICE
Place of production, publication, distribution, manufacture [Kuala Lumpur] :
Name of producer, publisher, distributor, manufacturer Thomson Learning ,
Date of production, publication, distribution, manufacture, or copyright notice 2005
300 ## - PHYSICAL DESCRIPTION
Extent vii, 245 pages ;
Dimensions 26 cm
336 ## - CONTENT TYPE
Source rdacontent
Content type term text
337 ## - MEDIA TYPE
Source rdamedia
Media type term unmediated
338 ## - CARRIER TYPE
Source rdacarrier
Carrier type term volume
650 10 - SUBJECT ADDED ENTRY--TOPICAL TERM
Topical term or geographic name entry element Public relations ; Mass media and business
700 ## - ADDED ENTRY--PERSONAL NAME
Relator term author
942 ## - ADDED ENTRY ELEMENTS (KOHA)
-- dc
Koha item type Book
Holdings
Withdrawn Not for loan Current library Shelving location Date acquired Total Checkouts Total Renewals Full call number Barcode Date last seen Date last checked out Koha item type
    Perpustakaan Alor Setar Pinjaman Dewasa 23/05/2006 5 1 659.2 BAH A01116760 25/08/2020 09/08/2020 Book
    Perpustakaan Awam Sungai Petani Pinjaman Dewasa 23/05/2006     659.2 BAH A01116762 09/05/2018   Book
    Perpustakaan Baling Pinjaman Dewasa 23/05/2006     659.2 BAH A01116765 09/05/2018   Book
    Perpustakaan Kulim Pinjaman Dewasa 23/05/2006     659.2 BAH A01116764 09/05/2018   Book
    Perpustakaan Sik Pinjaman Dewasa 23/05/2006     659.2 BAH A01116767 09/05/2018   Book